[Event "11th Philadelphia International"]
[Site "Philadelphia, PA"]
[Date "2017.06.25"]
[Round "4.28"]
[White "Mujumdar, Sameer"]
[Black "Eswaran, Ashrita"]
[Result "1-0"]
[WhiteElo "2089"]
[BlackElo "1583"]
[PlyCount "119"]
[EventDate "2017.06.??"]
[EventType "swiss"]
[EventRounds "9"]
[EventCountry "USA"]

1. e4 e5 2. Nf3 Nc6 3. d4 exd4 4. Nxd4 Bc5 5. Be3 Qf6 6. c3 Nge7 7. Bc4 Bb6 8.
O-O d6 9. Nb5 Kd8 10. Bxb6 axb6 11. f4 Bd7 12. b4 Qg6 13. Nd2 f5 14. Bd3 Qf6
15. Qc2 Na7 16. e5 dxe5 17. fxe5 Qxe5 18. Rae1 Qf6 19. Nd4 g6 20. Ne4 Qh4 21.
Nf3 Qh6 22. Neg5 Qg7 23. Ne5 Rf8 24. Nxd7 Kxd7 25. Ne6 Qf6 26. Nxf8+ Rxf8 27.
Bc4 Kc8 28. Re6 Qf7 29. Rfe1 Kb8 30. Qe2 b5 31. Bb3 Nec8 32. Re8 Qf6 33. Rxf8
Qxf8 34. a4 Nd6 35. Qe5 bxa4 36. Bxa4 Nac8 37. Qd4 Ne4 38. Bc2 Ncd6 39. c4 Qf6
40. Qxf6 Nxf6 41. Re6 Nde4 42. g4 Kc8 43. Bxe4 Nxe4 44. gxf5 gxf5 45. Re7 h5
46. Rh7 Nd2 47. c5 h4 48. Kf2 Ne4+ 49. Ke3 Nc3 50. Rxh4 Nd5+ 51. Kf3 Kd7 52. b5
Ke6 53. Rc4 Ke5 54. c6 b6 55. Rc1 Nb4 56. Rd1 Na2 57. Rd3 Nc1 58. Rd7 Nb3 59.
h4 Ke6 60. h5 1-0

[Event "11th Philadelphia International"]
[Site "Philadelphia, PA"]
[Date "2017.06.25"]
[Round "4.29"]
[White "Shepherd, Duncan"]
[Black "Eswaran, Ashrita"]
[Result "0-1"]
[WhiteElo "1785"]
[BlackElo "2086"]
[PlyCount "66"]
[EventDate "2017.06.??"]
[EventType "swiss"]
[EventRounds "9"]
[EventCountry "USA"]

1. d4 Nf6 2. c4 e6 3. Nf3 c5 4. d5 exd5 5. cxd5 d6 6. Nc3 g6 7. Bf4 a6 8. a4
Bg7 9. h3 O-O 10. e3 Qe7 11. Nd2 Nbd7 12. Nc4 Ne8 13. Be2 b6 14. O-O Rb8 15.
Qc2 f5 16. Bh2 Ne5 17. Na3 Nf6 18. Rab1 Ne4 19. Nxe4 fxe4 20. b4 Nf3+ 21. gxf3
exf3 22. Bd3 Qh4 23. Rfc1 cxb4 24. Bg3 Qxh3 25. Bf1 Qg4 26. Nc4 Bf5 27. Bd3 Qh3
28. Bf1 Qg4 29. Bd3 h5 30. Nxd6 h4 31. Nxf5 gxf5 32. Bxf5 Rxf5 33. Rxb4 Qh3 0-1

[Event "11th Philadelphia International"]
[Site "Philadelphia, PA"]
[Date "2017.06.25"]
[Round "4.30"]
[White "Macaspac, Arthur"]
[Black "Lu, Benjamin"]
[Result "1-0"]
[WhiteElo "2059"]
[BlackElo "1746"]
[PlyCount "100"]
[EventDate "2017.06.??"]
[EventType "swiss"]
[EventRounds "9"]
[EventCountry "USA"]

1. e4 c5 2. Nf3 e6 3. Qe2 Nc6 4. g3 g6 5. c3 Bg7 6. Bg2 Nge7 7. d3 O-O 8. O-O
d6 9. Rd1 e5 10. a3 a5 11. a4 Qc7 12. Na3 f5 13. Nb5 Qd8 14. Nd2 Na7 15. Na3 f4
16. gxf4 exf4 17. Ndc4 g5 18. f3 h5 19. Bd2 g4 20. Be1 Ng6 21. d4 cxd4 22. cxd4
Nh4 23. Bxh4 Qxh4 24. Nxd6 Be6 25. d5 Bd7 26. Nac4 g3 27. h3 Bxh3 28. Bxh3 Qxh3
29. Qg2 Qd7 30. Nf5 Rxf5 31. exf5 Qxf5 32. Nd6 Qg6 33. Ne4 Kf7 34. Rac1 Be5 35.
Qh3 Rd8 36. Kg2 b5 37. b3 bxa4 38. bxa4 h4 39. Qe6+ Qxe6 40. dxe6+ Ke7 41. Rxd8
Kxd8 42. Rc5 Bb2 43. Rxa5 Nc6 44. Rb5 Bd4 45. Rb7 Be5 46. Rh7 Nd4 47. a5 Nxe6
48. a6 Nc7 49. a7 Na8 50. Rh5 Ba1 1-0

[Event "11th Philadelphia International"]
[Site "Philadelphia, PA"]
[Date "2017.06.25"]
[Round "4.31"]
[White "Zhu, Evelyn"]
[Black "Bayer, Anu"]
[Result "1-0"]
[WhiteElo "1754"]
[BlackElo "2041"]
[PlyCount "79"]
[EventDate "2017.06.??"]
[EventType "swiss"]
[EventRounds "9"]
[EventCountry "USA"]

1. d4 Nf6 2. c4 c5 3. d5 e6 4. Nc3 exd5 5. cxd5 g6 6. e4 d6 7. h3 Bg7 8. Nf3
O-O 9. Bd3 b5 10. O-O c4 11. Bc2 b4 12. Ne2 Nbd7 13. Bf4 Nc5 14. Ng3 a5 15. Nd4
Ba6 16. Re1 Re8 17. Nc6 Qd7 18. Qf3 Kh8 19. Rad1 Bb7 20. Bxd6 Ncxe4 21. Ne5 Ng5
22. Qf4 Nxd5 23. Qxg5 Rxe5 24. Bxe5 f6 25. Qh4 fxe5 26. Bxg6 h6 27. Nf5 Qe6 28.
Qg4 Qf6 29. Nxg7 Qxg7 30. Be4 Qxg4 31. hxg4 Rd8 32. Bxd5 Rxd5 33. Rxd5 Bxd5 34.
Rxe5 Bf7 35. Rxa5 Kg7 36. Rb5 c3 37. bxc3 bxc3 38. Rc5 Bxa2 39. Rxc3 Kg6 40. f4
1-0

[Event "11th Philadelphia International"]
[Site "Philadelphia, PA"]
[Date "2017.06.25"]
[Round "4.32"]
[White "Norovsambu, Badamkhand"]
[Black "Aravind, Neelakantran"]
[Result "1-0"]
[WhiteElo "2038"]
[BlackElo "1351"]
[PlyCount "97"]
[EventDate "2017.06.??"]
[EventType "swiss"]
[EventRounds "9"]
[EventCountry "USA"]

1. d4 d5 2. c4 e6 3. Nc3 Nf6 4. cxd5 exd5 5. Bg5 Be7 6. e3 c6 7. Bd3 Nbd7 8.
Nf3 O-O 9. Qc2 h6 10. Bf4 Re8 11. O-O Nh5 12. Nxd5 Nxf4 13. Nxf4 Bd6 14. Ne2
Nf8 15. Ng3 Bg4 16. Nd2 Rc8 17. Nde4 Bb8 18. Rfc1 Nd7 19. b4 Nf6 20. Nc5 Qe7
21. Qb2 Nd5 22. b5 Bd6 23. Bf5 Bxc5 24. dxc5 Bxf5 25. Nxf5 Qe5 26. Qxe5 Rxe5
27. Nd6 Rc7 28. bxc6 bxc6 29. Rab1 Ree7 30. a4 a5 31. Rb8+ Kh7 32. Kf1 Nb4 33.
Ke2 Red7 34. Rb6 Kg6 35. f3 f5 36. Nc4 Ra7 37. Ne5+ Kf6 38. Nxd7+ Rxd7 39. Rb8
Nd3 40. Rc3 Nb4 41. Ra8 Rb7 42. Rb3 Re7 43. Rxa5 Nd5 44. Ra8 g5 45. Rd8 Ra7 46.
Rd6+ Ke5 47. Rb8 Nf6 48. Rf8 Rxa4 49. Rfxf6 1-0

[Event "11th Philadelphia International"]
[Site "Philadelphia, PA"]
[Date "2017.06.25"]
[Round "4.33"]
[White "Hu, Pinyi"]
[Black "Winkelman, Albert"]
[Result "1-0"]
[WhiteElo "1649"]
[BlackElo "2028"]
[PlyCount "119"]
[EventDate "2017.06.??"]
[EventType "swiss"]
[EventRounds "9"]
[EventCountry "USA"]

1. e4 e5 2. Nf3 Nc6 3. Bb5 a6 4. Ba4 Nf6 5. O-O Be7 6. Qe2 b5 7. Bb3 d6 8. c3
O-O 9. h3 Na5 10. Bc2 c5 11. d4 Qc7 12. d5 Bd7 13. b3 Rfe8 14. Be3 Bf8 15. a4
g6 16. Na3 bxa4 17. bxa4 Bg7 18. Nd2 Nh5 19. Ndc4 Nf4 20. Qd2 g5 21. Nxa5 Qxa5
22. Nc4 Qc7 23. a5 Bb5 24. Nb6 Bxf1 25. Nxa8 Rxa8 26. Kxf1 Rb8 27. c4 Bf6 28.
Ba4 Rb4 29. Qc1 Bd8 30. Bd2 Rb7 31. Bc6 Rb3 32. Qc2 Qb8 33. Bb5 Rxb5 34. cxb5
Qxb5+ 35. Kg1 Ne2+ 36. Kh2 Nd4 37. Qb1 Nb3 38. Ra2 Nxd2 39. Qxb5 axb5 40. a6
Bb6 41. Rxd2 Ba7 42. Kg1 Kf8 43. Kf1 Ke7 44. Ke2 Kd7 45. Rb2 b4 46. Kd3 Kc7 47.
Kc4 Kb6 48. Ra2 Bb8 49. g3 f6 50. f4 h6 51. fxe5 fxe5 52. Rf2 Kxa6 53. Rf8 Bc7
54. Rf7 Bb8 55. Rh7 Kb6 56. Rxh6 b3 57. Kxb3 Kb5 58. h4 gxh4 59. g4 c4+ 60. Kc2
1-0

[Event "11th Philadelphia International"]
[Site "Philadelphia, PA"]
[Date "2017.06.25"]
[Round "4.36"]
[White "Norman, Dennis"]
[Black "Machuca, Danny"]
[Result "1-0"]
[WhiteElo "1644"]
[BlackElo "2153"]
[PlyCount "75"]
[EventDate "2017.06.??"]
[EventType "swiss"]
[EventRounds "9"]
[EventCountry "USA"]

1. e4 e6 2. d4 d5 3. Nd2 Nf6 4. e5 Nfd7 5. Bd3 c5 6. c3 Nc6 7. Ne2 Qb6 8. Nf3
cxd4 9. cxd4 f6 10. exf6 Nxf6 11. O-O Bd6 12. Nc3 O-O 13. Bg5 Bd7 14. Na4 Qc7
15. Rc1 Ne4 16. Be3 Be8 17. Nc5 Nxc5 18. dxc5 Bf4 19. Qe2 Bh5 20. Bxf4 Rxf4 21.
Qxe6+ Kh8 22. Qh3 Rxf3 23. gxf3 g6 24. Qg3 Qf7 25. Rfe1 Kg8 26. f4 Nd4 27. Re3
Re8 28. Rxe8+ Qxe8 29. Qe3 Nf3+ 30. Kh1 Qd7 31. Bf1 d4 32. Qe4 Nd2 33. Bc4+ Kf8
34. Qe6 Qxe6 35. Bxe6 Ke7 36. Bd5 b6 37. c6 Kd8 38. c7+ 1-0

[Event "11th Philadelphia International"]
[Site "Philadelphia, PA"]
[Date "2017.06.25"]
[Round "4.38"]
[White "Wongso, Steve"]
[Black "Viswanathan, Arul"]
[Result "0-1"]
[WhiteElo "1636"]
[BlackElo "1714"]
[PlyCount "118"]
[EventDate "2017.06.??"]
[EventType "swiss"]
[EventRounds "9"]
[EventCountry "USA"]

1. e4 b6 2. d4 Bb7 3. Bd3 e6 4. Nf3 c5 5. c3 d6 6. O-O Nd7 7. Nbd2 Ngf6 8. e5
dxe5 9. dxe5 Ng4 10. Qa4 h5 11. h3 Nh6 12. Be4 Bxe4 13. Nxe4 Nf5 14. Rd1 a6 15.
c4 Be7 16. Nfg5 Nd4 17. Nf3 b5 18. Qa3 Nc2 19. Qd3 Nxa1 20. cxb5 axb5 21. Qb1
Qa5 22. a3 Nb3 23. Qd3 Nd4 24. Nxd4 cxd4 25. Qxd4 Qa7 26. Qd3 Rb8 27. Be3 Qc7
28. g3 Nxe5 29. Qe2 Qc4 30. Qxc4 Nxc4 31. Bd4 Rd8 32. Kg2 e5 33. Nc3 exd4 34.
Nxb5 Nxb2 35. Rxd4 Rxd4 36. Nxd4 Bxa3 37. Kf3 Kd7 38. g4 hxg4+ 39. Kxg4 Bc5 40.
Nf5 g6 41. Ne3 Bxe3 42. fxe3 Nd1 43. e4 Nf2+ 44. Kf3 Nxe4 45. Kxe4 Rxh3 46. Ke5
Ke7 47. Kf4 Kf6 48. Kg4 Ra3 49. Kf4 Ra4+ 50. Ke3 g5 51. Kf3 Kf5 52. Kg3 Ra3+
53. Kf2 Ke4 54. Kg2 Kf4 55. Kf2 Ra2+ 56. Kf1 Ke4 57. Kg1 Kf4 58. Kh1 Kg3 59.
Kg1 Ra1# 0-1

[Event "11th Philadelphia International"]
[Site "Philadelphia, PA"]
[Date "2017.06.26"]
[Round "5.1"]
[White "Nyzhnyk, Illia"]
[Black "Perez, Yuniesky"]
[Result "1/2-1/2"]
[WhiteElo "2612"]
[BlackElo "2624"]
[PlyCount "25"]
[EventDate "2017.06.??"]
[EventType "swiss"]
[EventRounds "9"]
[EventCountry "USA"]
[WhiteClock "1:36:22"]
[BlackClock "1:12:19"]

1. d4 d5 2. c4 c6 3. Nf3 Nf6 4. e3 e6 5. Nc3 Nbd7 6. Qc2 Bd6 7. Be2 O-O 8. O-O
dxc4 9. Bxc4 b5 10. Bd3 Bb7 11. a3 a5 12. Bd2 h6 13. h3 1/2-1/2

[Event "11th Philadelphia International"]
[Site "Philadelphia, PA"]
[Date "2017.06.26"]
[Round "5.2"]
[White "Checa, Nicolas"]
[Black "Burke, John"]
[Result "1/2-1/2"]
[WhiteElo "2415"]
[BlackElo "2489"]
[PlyCount "75"]
[EventDate "2017.06.??"]
[EventType "swiss"]
[EventRounds "9"]
[EventCountry "USA"]
[WhiteClock "0:10:00"]
[BlackClock "0:25:57"]

1. d4 Nf6 2. c4 g6 3. Nc3 d5 4. Nf3 Bg7 5. Qb3 dxc4 6. Qxc4 O-O 7. e4 Na6 8.
Be2 c5 9. d5 e6 10. O-O exd5 11. exd5 Re8 12. Rd1 Bd7 13. Be3 Rxe3 14. fxe3 Ng4
15. e4 b5 16. Nxb5 Qb6 17. a4 Ne3 18. Qc1 Nxd1 19. Qxd1 Bxb2 20. Rb1 Bg7 21.
Kh1 Nb4 22. d6 Rd8 23. e5 Bc6 24. Bc4 Qb7 25. Qe2 Bxf3 26. gxf3 Bxe5 27. Bxf7+
Kxf7 28. Qxe5 Qxf3+ 29. Kg1 Qg4+ 30. Kh1 Qf3+ 31. Kg1 Re8 32. Qg5 h6 33. d7
hxg5 34. Nd6+ Kg7 35. dxe8=Q Qg4+ 36. Kh1 Qf3+ 37. Kg1 Qg4+ 38. Kh1 1/2-1/2

[Event "11th Philadelphia International"]
[Site "Philadelphia, PA"]
[Date "2017.06.26"]
[Round "5.3"]
[White "Zhou, Jianchao"]
[Black "Garcia, Jan"]
[Result "1/2-1/2"]
[WhiteElo "2595"]
[BlackElo "2436"]
[PlyCount "96"]
[EventDate "2017.06.??"]
[EventType "swiss"]
[EventRounds "9"]
[EventCountry "USA"]
[WhiteClock "0:20:42"]
[BlackClock "0:28:50"]

1. Nf3 Nf6 2. c4 c5 3. Nc3 d5 4. cxd5 Nxd5 5. e3 e6 6. Nxd5 exd5 7. b3 Be7 8.
Bb2 O-O 9. Be2 Nc6 10. d4 cxd4 11. Nxd4 Qa5+ 12. Kf1 Nxd4 13. Bxd4 Be6 14. h4
Rac8 15. g3 Bc5 16. Kg2 Bxd4 17. Qxd4 Rc2 18. Bd3 Rc6 19. Rhd1 h6 20. Rd2 Rfc8
21. Rad1 Rc1 22. Rxc1 Rxc1 23. Be2 Qc5 24. Bf3 Qxd4 25. Rxd4 Rc2 26. Bxd5 Bxd5+
27. Rxd5 Rxa2 28. Rd8+ Kh7 29. Rd7 Kg8 30. Rxb7 h5 31. e4 g6 32. e5 a5 33. Kf3
a4 34. bxa4 Rxa4 35. Ke3 Kf8 36. Rd7 Rb4 37. Rd4 Rb2 38. f3 Rg2 39. Kf4 Kg7 40.
Rd7 Kf8 41. g4 hxg4 42. fxg4 Re2 43. Rd3 Kg7 44. Re3 Rf2+ 45. Kg5 Rf1 46. Re4
Rf2 47. h5 gxh5 48. gxh5 f6+ 1/2-1/2

[Event "11th Philadelphia International"]
[Site "Philadelphia, PA"]
[Date "2017.06.26"]
[Round "5.4"]
[White "Hong, Andrew"]
[Black "Stukopin, Andrey"]
[Result "0-1"]
[WhiteElo "2382"]
[BlackElo "2577"]
[PlyCount "88"]
[EventDate "2017.06.??"]
[EventType "swiss"]
[EventRounds "9"]
[EventCountry "USA"]
[WhiteClock "0:44:09"]
[BlackClock "0:19:02"]

1. e4 e5 2. Nf3 Nc6 3. Bb5 a6 4. Ba4 Nf6 5. O-O Be7 6. Re1 b5 7. Bb3 d6 8. c3
O-O 9. h3 Na5 10. Bc2 d5 11. exd5 e4 12. Bxe4 Nxe4 13. Rxe4 Bb7 14. d4 Re8 15.
Re1 Qxd5 16. Be3 Bd6 17. Nbd2 f5 18. b4 Nc4 19. Nxc4 bxc4 20. Bd2 Rf8 21. Re2
f4 22. Kf1 Qh5 23. Re1 Bd5 24. a4 g5 25. Ne5 f3 26. Kg1 Qh4 27. Re3 fxg2 28.
Rg3 Rxf2 29. Rxg5+ Kh8 30. Qg4 Qxg4 31. Nxg4 Rxd2 32. Rxd5 Rf8 33. Ne3 Rf3 34.
Nxc4 Rf1+ 35. Rxf1 Bh2+ 36. Kxh2 gxf1=Q+ 37. Nxd2 Qf2+ 38. Kh1 Qe1+ 39. Kg2
Qxd2+ 40. Kf3 Qxc3+ 41. Ke4 Qc2+ 42. Ke5 Qxa4 43. Ra5 Qxb4 44. Rxa6 Qb5+ 0-1

[Event "11th Philadelphia International"]
[Site "Philadelphia, PA"]
[Date "2017.06.26"]
[Round "5.6"]
[White "Mulyar, Michael"]
[Black "Becerra, Julio"]
[Result "1/2-1/2"]
[WhiteElo "2407"]
[BlackElo "2556"]
[PlyCount "98"]
[EventDate "2017.06.??"]
[EventType "swiss"]
[EventRounds "9"]
[EventCountry "USA"]

1. d4 Nf6 2. Nf3 g6 3. c4 Bg7 4. g3 O-O 5. Bg2 d6 6. O-O Nc6 7. Nc3 a6 8. h3
Bd7 9. e4 e5 10. dxe5 dxe5 11. Be3 Be6 12. b3 Re8 13. Qxd8 Rexd8 14. Rad1 h6
15. Nd5 Ne8 16. Rd2 Rd7 17. Rfd1 Rad8 18. Bc5 Bf8 19. Bxf8 Kxf8 20. b4 f6 21.
a3 Kf7 22. Bf1 a5 23. b5 Nb8 24. c5 c6 25. Nb6 Rxd2 26. Rxd2 Rxd2 27. Nxd2 cxb5
28. Bxb5 Nc7 29. Bf1 Nca6 30. Ndc4 Nxc5 31. Nxa5 Ke7 32. f3 Kd6 33. Kf2 Nb3 34.
Nbc4+ Bxc4 35. Nxb7+ Kc7 36. Bxc4 Nd2 37. Bd5 Nb1 38. Nc5 Nxa3 39. Ne6+ Kd6 40.
Nd8 Ke7 41. Nf7 h5 42. Nh8 g5 43. h4 gxh4 44. Ng6+ Ke8 45. Nxh4 Nb5 46. Nf5 Kf8
47. Kg2 Nd4 48. Nxd4 exd4 49. f4 Nd7 1/2-1/2

[Event "11th Philadelphia International"]
[Site "Philadelphia, PA"]
[Date "2017.06.26"]
[Round "5.7"]
[White "Paragua, Mark"]
[Black "Hilby, Craig"]
[Result "1/2-1/2"]
[WhiteElo "2520"]
[BlackElo "2380"]
[PlyCount "96"]
[EventDate "2017.06.??"]
[EventType "swiss"]
[EventRounds "9"]
[EventCountry "USA"]

1. d4 Nf6 2. c4 g6 3. Nc3 d5 4. cxd5 Nxd5 5. e4 Nxc3 6. bxc3 Bg7 7. Nf3 c5 8.
Be3 Qa5 9. Qd2 Nc6 10. Rb1 a6 11. Rb3 b5 12. Be2 O-O 13. Bh6 cxd4 14. Bxg7 Kxg7
15. cxd4 Qxd2+ 16. Kxd2 f5 17. exf5 Bxf5 18. Rc1 Rac8 19. Rbc3 Nb4 20. Rxc8
Rxc8 21. Rxc8 Bxc8 22. a3 Nd5 23. Ne5 Kf6 24. h4 Be6 25. g3 b4 26. axb4 Nxb4
27. Kc3 a5 28. Bb5 Kf5 29. f3 Bd5 30. Bd7+ e6 31. Be8 Na2+ 32. Kd2 Nb4 33. Ba4
Bb7 34. Bb3 Bd5 35. Ba4 Bb7 36. Bd1 Ba6 37. Nd7 Bb5 38. Nc5 Bc6 39. g4+ Kf4 40.
Nxe6+ Kg3 41. f4 Nd5 42. f5 gxf5 43. gxf5 a4 44. h5 a3 45. Bb3 Kg4 46. h6 Kxf5
47. Nf8 Kg5 48. Nxh7+ Kxh6 1/2-1/2

[Event "11th Philadelphia International"]
[Site "Philadelphia, PA"]
[Date "2017.06.26"]
[Round "5.8"]
[White "Li, Ben"]
[Black "Barbosa, Oliver"]
[Result "0-1"]
[WhiteElo "2263"]
[BlackElo "2511"]
[PlyCount "100"]
[EventDate "2017.06.??"]
[EventType "swiss"]
[EventRounds "9"]
[EventCountry "USA"]

1. d4 d5 2. Nf3 Nf6 3. c4 c6 4. e3 Bg4 5. h3 Bxf3 6. Qxf3 e6 7. Nc3 Nbd7 8. Bd3
Bd6 9. cxd5 exd5 10. g4 Nb6 11. Bd2 Qe7 12. Qg2 O-O-O 13. O-O-O Kb8 14. Kb1
Rhe8 15. f3 Bb4 16. Rhe1 Nc8 17. a3 Ba5 18. h4 Ka8 19. Rc1 g6 20. Re2 Qd7 21.
Be1 h5 22. g5 Nh7 23. Bf2 Nf8 24. Na4 Ne6 25. Rec2 Nd6 26. Bg3 Rc8 27. Qf2 Nf5
28. Bxf5 gxf5 29. Be5 f4 30. exf4 Nf8 31. Ka1 Ng6 32. Nc5 Qf5 33. Qe3 Bb6 34.
Qb3 Nxe5 35. fxe5 Qf4 36. Qb4 Qxh4 37. a4 Qxg5 38. Nd7 Qd8 39. Nf6 Rh8 40. Rh1
h4 41. Rch2 c5 42. Qb5 a6 43. Qd7 cxd4 44. Qxd5 Qe7 45. Rxh4 Rxh4 46. Rxh4 Qb4
47. Rh1 d3 48. Qxd3 Bd4 49. Qe2 Rc5 50. Rd1 Bxb2+ 0-1

[Event "11th Philadelphia International"]
[Site "Philadelphia, PA"]
[Date "2017.06.26"]
[Round "5.9"]
[White "Hernandez, Holden"]
[Black "Mandizha, Farai"]
[Result "1-0"]
[WhiteElo "2510"]
[BlackElo "2342"]
[PlyCount "71"]
[EventDate "2017.06.??"]
[EventType "swiss"]
[EventRounds "9"]
[EventCountry "USA"]

1. d4 Nf6 2. c4 e6 3. Nf3 Bb4+ 4. Bd2 Qe7 5. g3 Nc6 6. Nc3 O-O 7. Bg2 Na5 8. b3
b6 9. O-O Bb7 10. Qc2 Rac8 11. a3 Bxc3 12. Bxc3 Be4 13. Qb2 Nb7 14. Rfd1 Rfd8
15. d5 c6 16. Nh4 cxd5 17. cxd5 exd5 18. Bxe4 dxe4 19. Nf5 Qe6 20. Bxf6 gxf6
21. Rd5 Rc5 22. Rad1 Rdc8 23. Ne3 Rxd5 24. Rxd5 Rc5 25. Rd4 Rh5 26. Qc2 d5 27.
h4 Nd6 28. Qc6 Nf5 29. Qa8+ Kg7 30. Rxd5 Nxe3 31. Rd8 Kh6 32. fxe3 Rc5 33. Rg8
Qd6 34. Qxe4 Qe5 35. Qg4 Qxe3+ 36. Kg2 1-0

[Event "11th Philadelphia International"]
[Site "Philadelphia, PA"]
[Date "2017.06.26"]
[Round "5.10"]
[White "Nakar, Eylon"]
[Black "Paul, Justin"]
[Result "1-0"]
[WhiteElo "2476"]
[BlackElo "2195"]
[PlyCount "89"]
[EventDate "2017.06.??"]
[EventType "swiss"]
[EventRounds "9"]
[EventCountry "USA"]

1. e4 e6 2. d4 d5 3. Nd2 Nf6 4. e5 Nfd7 5. f4 c5 6. c3 c4 7. Ndf3 b5 8. Ne2 h5
9. f5 exf5 10. Nf4 Nb6 11. h4 Be7 12. Ng5 Bxg5 13. hxg5 g6 14. b3 Nc6 15. bxc4
bxc4 16. Be2 Be6 17. Bf3 Qe7 18. Rb1 O-O-O 19. Rb5 Qb7 20. Qc2 Qa6 21. Qb1 Kc7
22. O-O Rb8 23. a4 Qxa4 24. Rb2 Qa5 25. Qc2 Na4 26. Ra2 Rb3 27. Bd2 Qb5 28.
Rxa4 Qxa4 29. Nxd5+ Bxd5 30. Bxd5 Qb5 31. Bxf7 Ne7 32. Qd1 Qc6 33. Qa1 Qb7 34.
Bxc4 Rb2 35. Qa3 Kd8 36. Rf2 Ke8 37. Ba6 Rb1+ 38. Kh2 Qe4 39. Rf4 Qc6 40. c4
Kf7 41. d5 Nxd5 42. cxd5 Qb6 43. e6+ Ke8 44. Qa4+ Kf8 45. Bb4+ 1-0

[Event "11th Philadelphia International"]
[Site "Philadelphia, PA"]
[Date "2017.06.26"]
[Round "5.11"]
[White "Bian, Alex"]
[Black "Belous, Vladimir"]
[Result "1/2-1/2"]
[WhiteElo "2266"]
[BlackElo "2567"]
[PlyCount "117"]
[EventDate "2017.06.??"]
[EventType "swiss"]
[EventRounds "9"]
[EventCountry "USA"]

1. e4 c5 2. Nf3 Nc6 3. d4 cxd4 4. Nxd4 e6 5. Nc3 Qc7 6. Be3 Nf6 7. Qd2 a6 8.
O-O-O Bb4 9. f3 Ne7 10. Nb3 d5 11. e5 Nd7 12. f4 Nc5 13. Nxc5 Bxc5 14. Bxc5
Qxc5 15. Ne4 Qc7 16. Nd6+ Kf8 17. Bd3 Bd7 18. Qb4 a5 19. Qxb7 Qxb7 20. Nxb7 Nc6
21. Nc5 Ke7 22. Nxd7 Kxd7 23. Bb5 Rhc8 24. Rd3 Ke7 25. Bxc6 Rxc6 26. Rhd1 Rac8
27. R1d2 f6 28. exf6+ Kxf6 29. Re3 Rc4 30. g3 h6 31. b3 Rc3 32. Rxc3 Rxc3 33.
Rd3 Rc5 34. Kd2 g5 35. Rc3 Rb5 36. a4 Rb8 37. fxg5+ hxg5 38. Rc5 g4 39. Rxa5
Rh8 40. Rc5 Rxh2+ 41. Kc1 Rh3 42. Rc3 d4 43. Rd3 e5 44. a5 Ke6 45. a6 Kd5 46.
a7 Rh8 47. b4 Ra8 48. Ra3 Kc4 49. c3 dxc3 50. Kc2 Kxb4 51. Rb3+ Ka4 52. Rb1 Ka5
53. Kxc3 Ka6 54. Ra1+ Kb7 55. Kd3 Rd8+ 56. Ke4 Ka8 57. Ra4 Rf8 58. Ra5 Rf1 59.
Kxe5 1/2-1/2

[Event "11th Philadelphia International"]
[Site "Philadelphia, PA"]
[Date "2017.06.26"]
[Round "5.12"]
[White "Zhu, Jack"]
[Black "Banik, Siddarth"]
[Result "1/2-1/2"]
[WhiteElo "2400"]
[BlackElo "2209"]
[PlyCount "73"]
[EventDate "2017.06.??"]
[EventType "swiss"]
[EventRounds "9"]
[EventCountry "USA"]

1. e4 c5 2. c3 Nf6 3. e5 Nd5 4. d4 cxd4 5. Nf3 Nc6 6. Bc4 e6 7. cxd4 d6 8. O-O
Be7 9. Qe2 O-O 10. Rd1 Qc7 11. Bxd5 exd5 12. Nc3 Be6 13. Bf4 dxe5 14. Nxe5 Nxe5
15. Bxe5 Qd7 16. Rd3 Rfe8 17. Rg3 f6 18. Bf4 Bf8 19. Qb5 Rad8 20. Re3 Bf7 21.
Qxd7 Rxd7 22. Rxe8 Bxe8 23. Rc1 Rd8 24. Nd1 Bc6 25. f3 Re8 26. Kf2 Kf7 27. g4
h5 28. gxh5 Bb4 29. Rc2 Rh8 30. h6 g5 31. Bg3 Rxh6 32. Ne3 Kg6 33. f4 Kh5 34.
Ke2 Rh7 35. Kf3 Be7 36. fxg5 fxg5 37. Bb8 1/2-1/2

[Event "11th Philadelphia International"]
[Site "Philadelphia, PA"]
[Date "2017.06.26"]
[Round "5.13"]
[White "Aaron, Deepak"]
[Black "Nolte, Rolando"]
[Result "0-1"]
[WhiteElo "2321"]
[BlackElo "2393"]
[PlyCount "122"]
[EventDate "2017.06.??"]
[EventType "swiss"]
[EventRounds "9"]
[EventCountry "USA"]

1. e4 c5 2. Nf3 d6 3. d4 cxd4 4. Nxd4 Nf6 5. Nc3 a6 6. Bc4 e6 7. Bb3 b5 8. f3
Nbd7 9. Be3 Nc5 10. a3 Bb7 11. Qe2 Nxb3 12. cxb3 Be7 13. g4 Nd7 14. Bf2 O-O 15.
h4 Rc8 16. g5 Re8 17. b4 Bf8 18. O-O Ne5 19. f4 Nc4 20. Rfd1 e5 21. fxe5 Nxe5
22. Bg3 g6 23. Rf1 Bg7 24. Rad1 Qd7 25. Nf3 Nc4 26. Qf2 Bxe4 27. Nxe4 Rxe4 28.
Nd2 Nxd2 29. Rxd2 d5 30. Qf3 Rce8 31. Rfd1 d4 32. Bf2 Qe6 33. Rd3 Qd6 34. Kf1
Qe6 35. Qg3 Qc4 36. Kg1 Qe6 37. Kf1 Be5 38. Qg2 Bg7 39. Qf3 Qc4 40. Kg1 Qe6 41.
Kf1 Re2 42. R1d2 Rxd2 43. Rxd2 f5 44. Re2 Qxe2+ 45. Qxe2 Rxe2 46. Kxe2 Kf7 47.
Kd3 Ke6 48. b3 Kd5 49. a4 Be5 50. a5 f4 51. Bg1 f3 52. Bf2 Bg7 53. Bg3 h5 54.
Be1 Be5 55. Bf2 Bg7 56. Bg3 Bf8 57. Bf2 Bxb4 58. Bxd4 Be1 59. Bf6 Bxh4 60. Ke3
f2 61. Ke2 Ke4 0-1

[Event "11th Philadelphia International"]
[Site "Philadelphia, PA"]
[Date "2017.06.26"]
[Round "5.14"]
[White "Sarkar, Justin"]
[Black "Cooke, Eric"]
[Result "1-0"]
[WhiteElo "2375"]
[BlackElo "2118"]
[PlyCount "85"]
[EventDate "2017.06.??"]
[EventType "swiss"]
[EventRounds "9"]
[EventCountry "USA"]

1. e4 e5 2. f4 exf4 3. Bc4 Nf6 4. Nc3 c6 5. d4 d5 6. exd5 cxd5 7. Bb3 g5 8. h4
Bg4 9. Qd3 gxh4 10. Bxf4 Nc6 11. Nge2 Nh5 12. Nxd5 Nxf4 13. Nexf4 Bg7 14. c3
Qg5 15. Nh3 Bxh3 16. Qxh3 O-O 17. O-O Rae8 18. Rf5 Qg3 19. Qxg3 hxg3 20. Rg5
Re2 21. Nf4 Rfe8 22. Nxe2 Rxe2 23. Rf1 Nd8 24. Rxg3 Rxb2 25. Rg5 Re2 26. Rd5
Re8 27. Rd7 Rf8 28. Bd5 Bh6 29. Bxb7 Be3+ 30. Kh2 Ne6 31. Bd5 Ng5 32. Rxa7 Kg7
33. Ra8 Rxa8 34. Bxa8 Bd2 35. c4 Bc3 36. Rd1 Kf6 37. Bd5 Ke7 38. c5 Kd7 39. Rd3
Ba5 40. Kg3 Bc7+ 41. Kg4 h6 42. Kf5 Bd8 43. a4 1-0

[Event "11th Philadelphia International"]
[Site "Philadelphia, PA"]
[Date "2017.06.26"]
[Round "5.15"]
[White "Ghatti, Sanjay"]
[Black "Ruiz, Joshua"]
[Result "0-1"]
[WhiteElo "2235"]
[BlackElo "2367"]
[PlyCount "80"]
[EventDate "2017.06.??"]
[EventType "swiss"]
[EventRounds "9"]
[EventCountry "USA"]

1. e4 c5 2. Nf3 d6 3. d4 cxd4 4. Nxd4 Nf6 5. Nc3 a6 6. h3 e5 7. Nde2 h5 8. Bg5
Be6 9. Qd2 Nbd7 10. O-O-O b5 11. f3 Be7 12. Be3 h4 13. Kb1 Nb6 14. Bxb6 Qxb6
15. Nd5 Bxd5 16. exd5 Rc8 17. Nc3 Nh5 18. Bd3 Nf4 19. Ne2 Nxg2 20. Rdg1 Qf2 21.
Qb4 Ne3 22. Rxg7 Qxf3 23. Rhg1 Kf8 24. Bh7 Ke8 25. Bd3 Qxd5 26. Nc3 Qc5 27. Qe4
Rf8 28. Re1 Nc4 29. Qg4 Rc7 30. Qg2 Nb6 31. Qf3 Qc6 32. Be4 Qc4 33. Re2 Qd4 34.
Rf2 Kd8 35. Bd3 e4 36. Qg2 exd3 37. Rgxf7 dxc2+ 38. Kc1 Rxf7 39. Rxf7 Rxc3 40.
Qg8+ Kd7 0-1

[Event "11th Philadelphia International"]
[Site "Philadelphia, PA"]
[Date "2017.06.26"]
[Round "5.16"]
[White "Perez, Robert"]
[Black "Zhang, Chao"]
[Result "1/2-1/2"]
[WhiteElo "2365"]
[BlackElo "2229"]
[PlyCount "54"]
[EventDate "2017.06.??"]
[EventType "swiss"]
[EventRounds "9"]
[EventCountry "USA"]

1. Nf3 Nf6 2. c4 e6 3. g3 d5 4. d4 Bb4+ 5. Bd2 Be7 6. Bg2 O-O 7. O-O c6 8. Qc2
Nbd7 9. a4 a5 10. Rc1 b6 11. cxd5 cxd5 12. Nc3 Ba6 13. e3 Rc8 14. Qb1 Bd6 15.
Bf1 Bxf1 16. Kxf1 Qe7 17. Qd3 Bb4 18. Rc2 e5 19. Qa6 e4 20. Ng1 Bxc3 21. Rxc3
Rxc3 22. Bxc3 Qe6 23. Rc1 Nb8 24. Qb7 Qc6 25. Qxc6 Nxc6 26. b3 Rc8 27. Bb2 Kf8
1/2-1/2